000 00288nam a22001217a 4500
008 181218b xxu||||| |||| 00| 0 eng d
041 _aeng
080 _a030
100 _a23
101 _aENC
245 _aThe New Century Italian Renaissance Encyclopedia
_cAvery, C.B
942 _2udc
_cBK
999 _c53411
_d53411